Participación en el futuro /
El desarrollo del ser humano a través de la adolescencia. Cómo se va formando el feto en el vientre materno. La pubertad: el desarrollo de los órganos sexuales. El apareamiento de los gametos masculinos y femeninos.
Guardado en:
| Autor Principal: | |
|---|---|
| Formato: | |
| Series: | El Cuerpo Viviente
|
| Materias: | |
| Etiquetas: |
Agregar Etiqueta
Sin Etiquetas, Sea el primero en etiquetar este registro!
|
| LEADER | 01054ngm a22002895g 4500 | ||
|---|---|---|---|
| 001 | CEM.cems021694 | ||
| 008 | 130507b1992##################0###0#####d | ||
| 005 | 20240904145642.0 | ||
| 245 | 1 | 0 | |a Participación en el futuro / |c Christiaan Barnard. |
| 300 | |a 25 | ||
| 490 | 0 | |a El Cuerpo Viviente | |
| 500 | |a En soporte VHS, consultar en ventanilla. | ||
| 538 | |a Soporte: VHS - Norma: Pal N - Color - Grabación DRD 1992 - Hitachi=3930 | ||
| 520 | |a El desarrollo del ser humano a través de la adolescencia. Cómo se va formando el feto en el vientre materno. La pubertad: el desarrollo de los órganos sexuales. El apareamiento de los gametos masculinos y femeninos. | ||
| 100 | 1 | |a Barnard, Christiaan | |
| 082 | 6 | 1 | |/ BAR-2 |
| 653 | |a ANATOMIA | ||
| 653 | |a FISIOLOGIA | ||
| 653 | |a BIOLOGIA | ||
| 653 | |a ADOLESCENCIA | ||
| 653 | |a PUBERTAD | ||
| 653 | |a EMBARAZO | ||
| 653 | |a FETO | ||
| 653 | |a ORGANOS SEXUALES | ||
| 653 | |a GAMETOS | ||
| 653 | |a NIVEL SECUNDARIO | ||
| 859 | |a CEMS |b BIB. CEMS - Depto. Recursos Didacticos |h 611 |i BAR-2 |k DRD |p 337.12 |t Ej.1 | ||
